NEGATÍVNE DÔSLEDKY MÉDIÍ A TECHNICKÝCH PROSTRIEDKOV NA DETI A MLÁDEŽ

Bibliographic Details
Main Author: Matisová, Michaela (Author)
Format: Article
Language:Slovak

MARC

LEADER 00000nab a2200000uu 4500
001 vtls010902872
003 SK-MaSNL
005 20260303142339.0
008 230222|2011 xo |||||||||||||||||slo|
015 |a SNBRB 
035 |a (urnnbn)urn:nbn:sk:snk:ar-a07plo 
035 |a (uuid)6ee96f45-0a52-4f2e-b69c-792141c332cf 
035 |a urn:nbn:sk:snk-ab8u1a 
040 |a SNKBUCL  |b slo  |c SNKBUCL  |e AACR2 
041 0 |a slo 
044 |a xo  |c SK 
100 1 |a Matisová, Michaela  |4 aut  |9 416587 
245 1 0 |a NEGATÍVNE DÔSLEDKY MÉDIÍ A TECHNICKÝCH PROSTRIEDKOV NA DETI A MLÁDEŽ  |c Michaela Matisová 
773 0 |t Prevencia : informačný bulletin zameraný na prevenciu sociálno-patologických javov v rezorte školstva  |g Roč. 10, č. 4 (2011), s. 38-42 
954 |a odborná, vedecká literatúra pôvodná (slovenská)  |2 lita 
958 |a OND 
958 |a EUIPO 
958 |a article10 
999 |c 1982203  |d 1984133